000 00588nam a22001937a 4500
005 20260213140008.0
008 260213b ||||| |||| 00| 0 eng d
040 _cSSBUL
041 _aEnglsih
082 _223
_a294.342 Dh
_b27600 S-KP
100 1 _aDhammananda, K. Sri , Dr.
_966270
245 1 0 _aTreasure of the Dhamma /
_cDr. K. Sri Dhammananda.
260 _aKuala Lumpur :
_bBuddhis Missionary Society, Malaysia ,
_c1994.
300 _axx, 355 pages ;
_c21 cm.
500 _aIndex.
500 _aS-KP: Khamindra Phorn
650 0 _aBuddhist sermons
_966271
942 _2ddc
_cBK1
999 _c47581
_d47581